000 00656cam a2200205 i 4500
005 20260112115858.0
008 250721s9999 le gr 000 0 ara d
020 _a9953722021
082 1 4 _a305.2
_b ر ز ق
100 1 _aرزق، هيام محمود
_eمؤلف.
245 1 2 _aالمراهق و الانحراف /
264 3 1 _aبيروت :
_bدار القلم للطباعة و النشر و التوزيع،
_c[200-].
300 _a124 صفحه.
490 0 _aالمراهق.
650 1 7 _aالمراهقه.
650 1 7 _aالمراهقون.
650 1 7 _aعلم الاجتماع.
942 _2ddc
_cBK
999 _c114839
_d114839